| 000 | 00391nam a22001217a 4500 | ||
|---|---|---|---|
| 082 | _a200 THE | ||
| 100 |
_aSYED ADEEL AKBAR SHAH _973217 |
||
| 245 | _aTH-SOF-1801-Extension of Non linear Output Regulator Theory for MIMO Systems and Applications | ||
| 260 |
_aISLAMABAD _bNUST COLLEGE OF EME _c2020 |
||
| 650 | _aMS-ELECT-16 | ||
| 700 | _aSupervisor Dr. FAHAD MUMTAZ MALIK | ||
| 942 |
_cCF _2ddc |
||
| 999 |
_c579037 _d579037 |
||